| 000 | 00000nam##2200000za#4500 |
| 001 | 9.695480 |
| 003 | CaOODSP |
| 005 | 20210624234609 |
| 007 | cr ||||||||||| |
| 008 | 150407|2010||||xxc|||||o f|0| 0 eng|d |
| 020 | |a978-1-100-19949-8 |
| 040 | |aCaOODSP|beng |
| 043 | |an-cn--- |
| 086 | 1 |aPS4-99/2010E-PDF |
| 110 | 1 |aCanada. |bPublic Safety Canada. |
| 245 | 10|aDeveloping and applying an organized crime harm index : |h[electronic resource]|ba scoping and feasibility study / |cby Stephen Schneider, ... [et al.]. |
| 260 | |aOttawa - Ontario : |bPublic Safety Canada |c2010. |
| 300 | |a186p.|btables |
| 500 | |a"Report no. 011, 2010"--p. 1 of 186. |
| 504 | |aBibliography. |
| 590 | |a12-05-Supp|b2012-03-02 |
| 720 | 1 |aSchneider, Stephen |
| 775 | 08|tÉlaboration et application d'un indice des torts causés par le crime organisé : |w(CaOODSP)9.639618 |
| 856 | 40|ahttp://publications.gc.ca|qPDF|s1.29 MB|uhttps://publications.gc.ca/collections/collection_2012/sp-ps/PS4-99-2010-eng.pdf |